Normal view MARC view

Entry Topical Term

Number of records used in: 1

001 - CONTROL NUMBER

  • control field: 3715

003 - CONTROL NUMBER IDENTIFIER

  • control field: OSt

005 - DATE AND TIME OF LATEST TRANSACTION

  • control field: 20150413142055.0

008 - FIXED-LENGTH DATA ELEMENTS

  • fixed length control field: 150413|| aca||aabn | a|a d

040 ## - CATALOGING SOURCE

  • Original cataloging agency: OSt
  • Transcribing agency: OSt

150 ## - HEADING--TOPICAL TERM

  • Topical term or geographic name entry element: Industrial policy
  • Geographic subdivision: Korea (South)

670 ## - SOURCE DATA FOUND

  • Source citation: Work cat.: (OSt)1408: Amsden, Alice H. (Alice Hoffenberg) 3713, Asia's next giant :, 1989.